| 000 | 00818nam a22003137a 4500 | ||
|---|---|---|---|
| 005 | 20240503165423.0 | ||
| 008 | 160929b2011 xxu||||| |||| 00| 0 spa d | ||
| 020 | _a9789968316798 | ||
| 041 | _aESP | ||
| 082 | _a551.21 A472v3 | ||
| 100 |
_aAlvarado Induni, Guillermo E _91718 |
||
| 245 | _aLos volcanes de Costa Rica: geología, historia, riqueza natural y su gente | ||
| 250 | _a3 Edición | ||
| 260 | _aCosta Rica | ||
| 260 | _bEUNED | ||
| 260 | _c2011 | ||
| 300 | _a386 páginas | ||
| 650 | _aCOSTA RICA | ||
| 650 | _aVOLCANES | ||
| 650 | _aGEOLOGÍA | ||
| 650 | _aVULCANISMO | ||
| 650 | _aCORDILLERA DE GUANACASTE | ||
| 650 | _aCORDILLERA CENTRAL | ||
| 650 | _aCORDILLERA DE TILARAN | ||
| 650 | _aCORDILLERA DE TALAMANCA | ||
| 650 | _aISLA DEL COCO | ||
| 942 |
_cBK _2ddc |
||
| 999 |
_c8457 _d8457 |
||